000 00909nam a22002657a 4500
005 20170123162324.0
010 _aA-778180
020 _c60.00
035 _aA-778180
037 _bCen Lib/Ret
040 _aDPL
_bUR
082 _aن
_bن ر و
100 _aنرالا، سرنڈر سنگھ
_9111303
245 _aباپ بیٹا /
_c سرنڈر سنگھ نرالا ؛ مرتجم جیت سنگھ سیتل
246 _aBap beta /
_bby Surinder Singh Narula : translated by Jit Singh Seetal
260 _aپٹیالہ
_bبھاشا وبھاگ پنجاب
_c1990
270 _bپٹیالہ
300 _a395p.
_c19cm(Hb)
650 _a ادب - اردو
_9118621
650 _a پنجابی ناول (اردو)
_9118622
650 _aLiterature -- Urdu
_9118623
650 _aPunjabi novel (Urdu)
_9118624
700 _a سیتل، جیت سنگھ
_9118625
942 _2ddc
_cUR
_h ن
_mن ر و
999 _c107312
_d107312